000
00289nam a22001097a 4500
082
_a
300
100
_a
Karthikeyan, M
_9
79723
245
_a
Ethics, Integrity and Aptitude for civil services Main Exam
260
_a
Chennai
_b
McGraw Hill
_c
2020
650
_a
Social
_9
79724
942
_c
BK
999
_c
63339
_d
63339